[Event "Bad Woerishofen op"]
[Site "?"]
[Date "2009.03.08"]
[Round "4"]
[White "Edouard, Romain"]
[Black "De Francesco, Klaus"]
[Result "1-0"]
[WhiteElo "2562"]
[BlackElo "2318"]
[PlyCount "87"]
[EventDate "2009.03.05"]

1. d4 Nf6 2. c4 e6 3. Nc3 d5 4. Nf3 c6 5. Qd3 Nbd7 6. Bf4 Qa5 7. Bd2 Qb6 8. Rb1
Be7 9. g3 O-O 10. b4 a6 11. Bg2 Re8 12. O-O Bf8 13. e4 dxe4 14. Nxe4 Nxe4 15.
Qxe4 Nf6 16. Qe5 Qd8 17. Bf4 Bd7 18. Qe2 a5 19. bxa5 Bc8 20. Bd2 Bd6 21. Rfd1
Bc7 22. Bb4 Bxa5 23. a3 Bc7 24. Ne5 Bd6 25. Bxd6 Qxd6 26. c5 Qc7 27. Nc4 Rd8
28. Rb3 Ne8 29. Rbd3 Qe7 30. Nb6 Ra5 31. Qe1 Ra7 32. Qe3 Qc7 33. Bh3 Ra5 34. a4
Qe7 35. Qe1 Ra7 36. d5 Qxc5 37. Nxc8 Rxc8 38. dxe6 f5 39. Qd2 Rxa4 40. Rd8 Raa8
41. Rxc8 Rxc8 42. Qd7 Ra8 43. Qf7+ Kh8 44. e7 1-0

[Event "Bad Woerishofen op"]
[Site "?"]
[Date "2009.03.08"]
[Round "4"]
[White "Rogobete, Nikolas"]
[Black "Karpatchev, Alexandr"]
[Result "0-1"]
[WhiteElo "2275"]
[BlackElo "2504"]
[PlyCount "56"]
[EventDate "2009.03.05"]

1. e4 e5 2. Nf3 Nc6 3. Bb5 a6 4. Ba4 Nf6 5. O-O Be7 6. Re1 b5 7. Bb3 d6 8. a4
b4 9. a5 O-O 10. h3 Rb8 11. d4 Nxd4 12. Nxd4 exd4 13. Qxd4 Nd7 14. Nd2 Bf6 15.
Qe3 Bb7 16. Bc4 Re8 17. Qb3 Re7 18. Qg3 d5 19. Bd3 Qe8 20. Nf1 dxe4 21. Bc4 Ne5
22. Bb3 Ng6 23. Ne3 Qb5 24. Ng4 Bg5 25. Be3 Bh4 26. Qh2 h5 27. Ba4 Qf5 28. Ba7
Ra8 0-1

[Event "Bad Woerishofen op"]
[Site "?"]
[Date "2009.03.08"]
[Round "4"]
[White "Farago, Ivan"]
[Black "Gurack, Daniel"]
[Result "1-0"]
[WhiteElo "2482"]
[BlackElo "2164"]
[PlyCount "58"]
[EventDate "2009.03.05"]

1. d4 e6 2. c4 Nf6 3. Nf3 b6 4. a3 Bb7 5. Nc3 d5 6. cxd5 Nxd5 7. Qc2 Nd7 8. e4
Nxc3 9. bxc3 Be7 10. Bd3 c5 11. Bf4 Qc8 12. Qa4 O-O 13. O-O Bc6 14. Qd1 Rd8 15.
Qe2 Bb7 16. a4 Nf8 17. a5 Ng6 18. Bg3 c4 19. Bxc4 Bxe4 20. Qxe4 Qxc4 21. axb6
f5 22. Qb7 f4 23. Rxa7 Rxa7 24. bxa7 Qc8 25. Rb1 Bd6 26. Bh4 Rf8 27. Qxc8 Rxc8
28. Rb6 Bf8 29. Rb8 Rxc3 1-0

[Event "Bad Woerishofen op"]
[Site "?"]
[Date "2009.03.08"]
[Round "4"]
[White "Rahls, Peter"]
[Black "Bronznik, Valerij"]
[Result "1/2-1/2"]
[WhiteElo "2263"]
[BlackElo "2340"]
[PlyCount "52"]
[EventDate "2009.03.05"]

1. e4 c5 2. c3 d5 3. exd5 Qxd5 4. d4 Nc6 5. Nf3 Bg4 6. Be2 cxd4 7. cxd4 e6 8.
O-O Nf6 9. h3 Bh5 10. Nc3 Qa5 11. a3 Bd6 12. Be3 O-O 13. b4 Qd8 14. b5 Ne7 15.
Bg5 Nfd5 16. Nxd5 exd5 17. Nh4 Bxe2 18. Qxe2 Qd7 19. Bxe7 Bxe7 20. Nf3 Rac8 21.
a4 Bd6 22. Rac1 h6 23. Rfe1 Bb4 24. Red1 Rfe8 25. Qd3 Bd6 26. Kf1 Rc7 1/2-1/2

[Event "Bad Woerishofen op"]
[Site "?"]
[Date "2009.03.08"]
[Round "4"]
[White "Hess, Christian Mathi"]
[Black "Loew, Gerald"]
[Result "1/2-1/2"]
[WhiteElo "2222"]
[BlackElo "2299"]
[PlyCount "81"]
[EventDate "2009.03.05"]

1. Nf3 c5 2. g3 g6 3. Bg2 Bg7 4. O-O Nc6 5. c4 d6 6. Nc3 Qd7 7. a3 b6 8. d3 Bb7
9. Bd2 Nf6 10. Rb1 O-O 11. b4 Rfd8 12. Nd5 e6 13. Nxf6+ Bxf6 14. Bg5 Qe7 15. b5
Bxg5 16. Nxg5 Ne5 17. Bxb7 Qxb7 18. Qd2 Qe7 19. Qf4 Kg7 20. h4 f6 21. Nf3 Nxf3+
22. Qxf3 d5 23. Rfe1 d4 24. a4 f5 25. a5 e5 26. Ra1 Rab8 27. axb6 axb6 28. Ra6
Qc7 29. Qc6 Qxc6 30. bxc6 Rd6 31. Ra7+ Kf6 32. c7 Rc8 33. Rb1 Rc6 34. Rb7 R8xc7
35. R1xb6 e4 36. Rxc6+ Rxc6 37. Rxh7 Rb6 38. Rc7 Rb1+ 39. Kg2 Re1 40. Rc6+ Kg7
41. Rc7+ 1/2-1/2

[Event "Bad Woerishofen op"]
[Site "?"]
[Date "2009.03.08"]
[Round "4"]
[White "Kugelmann, Werner"]
[Black "De Santis, Alessio"]
[Result "1/2-1/2"]
[WhiteElo "2203"]
[BlackElo "2278"]
[PlyCount "64"]
[EventDate "2009.03.05"]

1. e4 b6 2. d4 Bb7 3. Nc3 e6 4. Nf3 d6 5. Bd3 Nd7 6. O-O g6 7. Re1 Bg7 8. Bg5
Ne7 9. Qe2 a6 10. Rad1 h6 11. Be3 O-O 12. Qd2 Kh7 13. Ne2 Nf6 14. Ng3 Ng4 15.
c3 e5 16. dxe5 dxe5 17. Qe2 Nxe3 18. Qxe3 Qe8 19. Qe2 Qa4 20. Bc4 Qc6 21. h4 b5
22. Bb3 Bc8 23. Rd2 Be6 24. Qd1 Nc8 25. Bd5 Bxd5 26. exd5 Qd6 27. h5 Nb6 28.
Ne4 Qe7 29. d6 cxd6 30. hxg6+ fxg6 31. Rxd6 Rad8 32. Rxd8 Rxd8 1/2-1/2

[Event "Bad Woerishofen op"]
[Site "?"]
[Date "2009.03.08"]
[Round "4"]
[White "Plug, Arjan"]
[Black "Rothenhagen, Siegfrie"]
[Result "1/2-1/2"]
[WhiteElo "1982"]
[BlackElo "1772"]
[PlyCount "54"]
[EventDate "2009.03.05"]

1. e4 d5 2. exd5 Qxd5 3. Nf3 Nf6 4. Nc3 Qd6 5. Be2 Bg4 6. Nb5 Qd8 7. Ne5 Bxe2
8. Qxe2 c6 9. Nc3 e6 10. d3 Be7 11. O-O O-O 12. Bd2 Nbd7 13. f4 Bc5+ 14. Kh1
Qc7 15. Rae1 Bd4 16. Nd1 Rfe8 17. c3 Bb6 18. Nf2 Bxf2 19. Qxf2 b6 20. d4 c5 21.
f5 cxd4 22. cxd4 exf5 23. Qxf5 Nxe5 24. dxe5 Nd5 25. e6 fxe6 26. Rxe6 Rf8 27.
Qd3 Rxf1+ 1/2-1/2

[Event "Bad Woerishofen op"]
[Site "?"]
[Date "2009.03.08"]
[Round "4"]
[White "Racherbaeumer, Marcel"]
[Black "Guenther, Thomas"]
[Result "1-0"]
[WhiteElo "2303"]
[BlackElo "2128"]
[PlyCount "71"]
[EventDate "2009.03.05"]

1. e4 c5 2. Nf3 Nc6 3. Nc3 d6 4. d4 cxd4 5. Nxd4 e6 6. Be2 Nf6 7. O-O Be7 8.
Be3 a6 9. a4 Qc7 10. f4 O-O 11. Kh1 Re8 12. Bf3 Bf8 13. g4 Nxd4 14. Bxd4 e5 15.
Be3 exf4 16. Bxf4 Be6 17. g5 Nd7 18. Bg4 Ne5 19. Bxe6 fxe6 20. Bxe5 dxe5 21. g6
hxg6 22. Qg4 Bb4 23. Rf3 Qe7 24. Qxg6 Rf8 25. Rh3 Qf6 26. Qh7+ Kf7 27. Rg1 Rg8
28. Qh5+ Ke7 29. Rf3 g6 30. Qg4 Qg7 31. Nd5+ exd5 32. exd5 Kd8 33. Qxb4 Qd7 34.
Rf8+ Rxf8 35. Qxf8+ Kc7 36. Qc5+ 1-0

[Event "Bad Woerishofen op"]
[Site "?"]
[Date "2009.03.08"]
[Round "4"]
[White "Stabolewski, Andreas"]
[Black "Daeubler, Heinrich"]
[Result "1-0"]
[WhiteElo "2281"]
[BlackElo "2124"]
[PlyCount "29"]
[EventDate "2009.03.05"]

1. Nf3 d5 2. c4 c6 3. e3 Nf6 4. d4 e6 5. Nbd2 Nbd7 6. Bd3 Bd6 7. O-O O-O 8. e4
e5 9. cxd5 cxd5 10. exd5 exd4 11. Ne4 Qb6 12. Nxd6 Qxd6 13. Nxd4 Nxd5 14. Nf5
Qf6 15. Qh5 1-0

[Event "Bad Woerishofen op"]
[Site "?"]
[Date "2009.03.08"]
[Round "4"]
[White "Luett, Michael"]
[Black "Hug, Marcel"]
[Result "1/2-1/2"]
[WhiteElo "2097"]
[BlackElo "2257"]
[PlyCount "37"]
[EventDate "2009.03.05"]

1. d4 d6 2. Nf3 g6 3. e4 Bg7 4. h3 Nf6 5. Nc3 O-O 6. Be2 c6 7. a4 Qc7 8. Be3 e5
9. O-O exd4 10. Nxd4 a6 11. Nb3 Nbd7 12. Qd2 Re8 13. Bf4 Bf8 14. f3 b6 15. Rad1
Ne5 16. Bg5 Ned7 17. Bf4 Ne5 18. Bg5 Ned7 19. Bf4 1/2-1/2

[Event "Bad Woerishofen op"]
[Site "?"]
[Date "2009.03.08"]
[Round "4"]
[White "Hauff, Andre"]
[Black "Kunz, Konstantin"]
[Result "0-1"]
[WhiteElo "2095"]
[BlackElo "2247"]
[PlyCount "40"]
[EventDate "2009.03.05"]

1. d4 Nf6 2. Nf3 e6 3. e3 b6 4. Bd3 Bb7 5. Nbd2 c5 6. c3 cxd4 7. exd4 Be7 8.
O-O O-O 9. Qe2 a6 10. Re1 Re8 11. Ng5 h6 12. Nge4 Nd5 13. Nf3 Nc6 14. Bd2 Qc7
15. g3 f5 16. c4 fxe4 17. Qxe4 Nf6 18. Qg6 Bf8 19. Ng5 hxg5 20. Qxg5 Nxd4 0-1

[Event "Bad Woerishofen op"]
[Site "?"]
[Date "2009.03.08"]
[Round "4"]
[White "Lieb, Harald"]
[Black "Schmitzer, Peter"]
[Result "1-0"]
[WhiteElo "2247"]
[BlackElo "2090"]
[PlyCount "77"]
[EventDate "2009.03.05"]

1. d4 Nf6 2. c4 e5 3. dxe5 Ng4 4. Nf3 Nc6 5. Bf4 Bb4+ 6. Nbd2 Qe7 7. a3 Ngxe5
8. Nxe5 Nxe5 9. e3 Bxd2+ 10. Qxd2 O-O 11. Be2 d6 12. O-O Be6 13. Rac1 f6 14.
Bg3 Qf7 15. Qc3 Rfe8 16. f4 Bg4 17. fxe5 Bxe2 18. Rf2 Bg4 19. exf6 g6 20. c5
dxc5 21. Bxc7 b6 22. Bd6 Rad8 23. Be7 Rd7 24. h3 Bf5 25. Qe5 Rd5 26. Qf4 Be6
27. e4 Rd4 28. Qe3 Rd7 29. Rd2 Rxd2 30. Qxd2 c4 31. Qd6 g5 32. Qc7 Qg6 33. Qc6
Bf7 34. Qb7 h5 35. Re1 g4 36. Qd7 Qg5 37. e5 gxh3 38. Qxh3 Bg6 39. f7+ 1-0

[Event "Bad Woerishofen op"]
[Site "?"]
[Date "2009.03.08"]
[Round "4"]
[White "Bjarnason, Oskar"]
[Black "Baeuml, Ulrich"]
[Result "0-1"]
[WhiteElo "2232"]
[BlackElo "2097"]
[PlyCount "46"]
[EventDate "2009.03.05"]

1. e4 c5 2. Nf3 d6 3. d4 cxd4 4. Nxd4 Nf6 5. Nc3 a6 6. Bg5 e6 7. f4 Be7 8. Qf3
Nbd7 9. O-O-O Qc7 10. Bd3 b5 11. Rhe1 Bb7 12. Qg3 h6 13. Bxf6 Bxf6 14. Bxb5
axb5 15. Ndxb5 Qb8 16. Nxd6+ Kf8 17. Nxf7 Bxc3 18. bxc3 Bc6 19. Nxh8 Rxa2 20.
Ng6+ Ke8 21. Ne5 Qb2+ 22. Kd2 Qxc2+ 23. Ke3 Qxe4# 0-1

[Event "Bad Woerishofen op"]
[Site "?"]
[Date "2009.03.08"]
[Round "4"]
[White "Bretscher, Robert"]
[Black "Strasser, Josef"]
[Result "0-1"]
[WhiteElo "1672"]
[BlackElo "1959"]
[PlyCount "44"]
[EventDate "2009.03.05"]

1. e4 d5 2. exd5 Nf6 3. Bb5+ Bd7 4. Bxd7+ Qxd7 5. c4 c6 6. dxc6 Nxc6 7. Nf3 e5
8. d3 O-O-O 9. O-O e4 10. Ne1 Bc5 11. Bg5 exd3 12. Nd2 Rhe8 13. a3 Qf5 14. Bh4
g5 15. Bg3 h5 16. h4 g4 17. b4 Bd4 18. Rb1 Bc3 19. Nb3 Ne4 20. Bh2 Bxe1 21.
Rxe1 Qxf2+ 22. Kh1 Qxh4 0-1

[Event "Bad Woerishofen op"]
[Site "?"]
[Date "2009.03.08"]
[Round "4"]
[White "von Saldern, Ruediger"]
[Black "Keller, Manfred"]
[Result "1/2-1/2"]
[WhiteElo "2050"]
[BlackElo "2217"]
[PlyCount "64"]
[EventDate "2009.03.05"]

1. d4 g6 2. Nf3 Bg7 3. Bf4 d6 4. e3 Nd7 5. Be2 e5 6. Bg3 Ne7 7. c3 O-O 8. O-O
Nf5 9. dxe5 dxe5 10. Nbd2 Qe7 11. Qc2 Nxg3 12. hxg3 Nc5 13. Rad1 Bg4 14. e4 f5
15. Rde1 f4 16. Bc4+ Be6 17. Bxe6+ Nxe6 18. g4 Kh8 19. Rd1 Rad8 20. Nc4 Ng5 21.
Nxg5 Qxg5 22. f3 Qe7 23. Kh2 Bf6 24. Rxd8 Rxd8 25. Rd1 Bh4 26. Rxd8+ Qxd8 27.
Kg1 Bg3 28. Kf1 Qh4 29. Ke2 Qh1 30. Kd3 Qf1+ 31. Qe2 Qb1+ 32. Qc2 Qf1+ 1/2-1/2

[Event "Bad Woerishofen op"]
[Site "?"]
[Date "2009.03.08"]
[Round "4"]
[White "Andersen, Jens Knud"]
[Black "Fiedler, Wolfgang"]
[Result "1-0"]
[WhiteElo "2186"]
[BlackElo "2068"]
[PlyCount "57"]
[EventDate "2009.03.05"]

1. d4 f5 2. c4 Nf6 3. Nc3 g6 4. h4 d6 5. h5 Bg7 6. h6 Bf8 7. Bg5 e6 8. Qc2 Be7
9. O-O-O Nc6 10. f3 Ng8 11. Bxe7 Qxe7 12. e4 fxe4 13. fxe4 e5 14. Nd5 Qd8 15.
dxe5 Nxe5 16. Nf3 Nf7 17. c5 c6 18. Nf4 Qf6 19. Qd2 Bg4 20. Bc4 Bxf3 21. Bxf7+
Qxf7 22. gxf3 Qc4+ 23. Kb1 O-O-O 24. cxd6 Qf7 25. Qd4 Nxh6 26. Qxa7 Qxf4 27.
Qa8+ Kd7 28. Qxb7+ Ke6 29. Qe7# 1-0

[Event "Bad Woerishofen op"]
[Site "?"]
[Date "2009.03.08"]
[Round "4"]
[White "Schaefer, Michael"]
[Black "Guggenberger, Guido"]
[Result "1-0"]
[WhiteElo "2183"]
[BlackElo "2039"]
[PlyCount "55"]
[EventDate "2009.03.05"]

1. d4 g6 2. e4 Bg7 3. Nc3 d6 4. Be3 a6 5. f4 Nd7 6. Nf3 c5 7. dxc5 Nxc5 8. Bxc5
Bxc3+ 9. bxc3 dxc5 10. Qxd8+ Kxd8 11. Bc4 e6 12. a4 Nf6 13. e5 Nh5 14. O-O Bd7
15. a5 Ke7 16. Nd2 Bc6 17. Bd3 Rac8 18. Rab1 Rc7 19. g3 Rd8 20. Kf2 Ng7 21. g4
Bb5 22. c4 Ba4 23. Ke3 h5 24. h3 Bc6 25. Kf2 Ba4 26. Ne4 Bd7 27. Kg3 Ba4 28.
Rb6 1-0

[Event "Bad Woerishofen op"]
[Site "?"]
[Date "2009.03.08"]
[Round "4"]
[White "Gauss, Gustav"]
[Black "Wittfoth, Kai-Uve"]
[Result "0-1"]
[WhiteElo "2032"]
[BlackElo "2156"]
[PlyCount "63"]
[EventDate "2009.03.05"]

1. d4 d5 2. e3 Nf6 3. Bd3 c5 4. c3 e6 5. Nd2 Be7 6. f4 b6 7. Nh3 a5 8. Qf3 Ba6
9. Bc2 cxd4 10. exd4 g6 11. Nf2 Nc6 12. a4 Qc7 13. Bd3 Nh5 14. Bxa6 Rxa6 15.
Nd3 Bh4+ 16. g3 Bf6 17. Nf1 Bxd4 18. Rb1 Bg7 19. g4 Nf6 20. Ng3 h5 21. g5 Nd7
22. f5 exf5 23. O-O O-O 24. Bf4 Nce5 25. Qxd5 Qc6 26. Qxc6 Nxc6 27. Rbd1 Raa8
28. Nc1 Nde5 29. Rd6 Rac8 30. Rfd1 Nc4 31. Rd7 Nxb2 32. Rb7 0-1

[Event "Bad Woerishofen op"]
[Site "?"]
[Date "2009.03.08"]
[Round "4"]
[White "Berchtenbreiter, Max"]
[Black "Makryniotis, Konstant"]
[Result "1-0"]
[WhiteElo "2142"]
[BlackElo "1877"]
[PlyCount "45"]
[EventDate "2009.03.05"]

1. d4 f5 2. Bg5 Nf6 3. Bxf6 exf6 4. e3 Be7 5. Bd3 d5 6. Qf3 Qd7 7. Ne2 g6 8.
Nf4 c6 9. c4 Bd6 10. Nc3 Bxf4 11. Qxf4 dxc4 12. Bxc4 Kf8 13. h4 h5 14. O-O-O
Kg7 15. d5 b6 16. dxc6 Qe7 17. Rd6 Qe5 18. Qxe5 fxe5 19. c7 Na6 20. Bd5 Nxc7
21. Bxa8 Nxa8 22. Rhd1 Nc7 23. Rd7+ 1-0

[Event "Bad Woerishofen op"]
[Site "?"]
[Date "2009.03.08"]
[Round "4"]
[White "Dietzel, Uwe Dr"]
[Black "Duckstein, Torsten"]
[Result "0-1"]
[WhiteElo "1716"]
[BlackElo "1960"]
[PlyCount "102"]
[EventDate "2009.03.05"]

1. Nf3 d5 2. b3 Bf5 3. Bb2 e6 4. e3 Nf6 5. Be2 h6 6. a3 Bd6 7. d3 O-O 8. Nbd2
Nbd7 9. O-O c6 10. c4 Qe7 11. b4 e5 12. Qb3 a5 13. c5 Bc7 14. Qc2 Rfc8 15. Bc3
b6 16. cxb6 Bxb6 17. Nb3 a4 18. Nbd2 d4 19. Bb2 dxe3 20. fxe3 Bxe3+ 21. Kh1 e4
22. Nd4 Bxd4 23. Bxd4 exd3 24. Bxd3 Bxd3 25. Qxd3 c5 26. Bc3 cxb4 27. Bxb4 Qe6
28. Rae1 Qd5 29. Qg3 Re8 30. Rxe8+ Rxe8 31. Re1 Ne4 32. Nxe4 Rxe4 33. Rxe4 Qxe4
34. Qe1 Qxe1+ 35. Bxe1 f5 36. Bf2 Kf7 37. Bd4 g5 38. g3 Ke6 39. Kg2 Ne5 40. Bc5
Kd5 41. Bf8 h5 42. h3 Ke4 43. Be7 Nf7 44. Kf2 f4 45. gxf4 gxf4 46. Bh4 Ne5 47.
Be7 Nd3+ 48. Kf1 Kf3 49. Bh4 Ne5 50. Be1 Nc4 51. Bb4 Kg3 0-1

[Event "Bad Woerishofen op"]
[Site "?"]
[Date "2009.03.08"]
[Round "4"]
[White "Fischer, Peter"]
[Black "Lang, Ludwig"]
[Result "1-0"]
[WhiteElo "1878"]
[BlackElo "1476"]
[PlyCount "83"]
[EventDate "2009.03.05"]

1. e4 e5 2. Nf3 Nc6 3. d4 exd4 4. Nxd4 Nf6 5. Nxc6 dxc6 6. Qxd8+ Kxd8 7. Bg5
Be7 8. Nc3 h6 9. O-O-O+ Ke8 10. Bf4 Bd8 11. f3 Nh5 12. Be3 Bg5 13. Bxg5 hxg5
14. Ne2 Be6 15. g4 Nf4 16. Nxf4 gxf4 17. h4 f6 18. b3 Rd8 19. Rxd8+ Kxd8 20. c4
g5 21. h5 Kd7 22. Kc2 c5 23. Bd3 Kd6 24. Re1 a5 25. Kc3 b6 26. a3 Ra8 27. Bc2
Ke7 28. e5 fxe5 29. Rxe5 Kf6 30. Re1 Bf7 31. Rh1 Rh8 32. Be4 Rh6 33. Rd1 Ke7
34. Bd5 Be8 35. Re1+ Kd8 36. Re5 Rf6 37. Rxg5 Ke7 38. Re5+ Kd8 39. g5 Rf8 40.
h6 Bg6 41. Be4 Bxe4 42. Rxe4 1-0

[Event "Bad Woerishofen op"]
[Site "?"]
[Date "2009.03.08"]
[Round "4"]
[White "Pluemer, Detlef"]
[Black "Schmitt, Karl"]
[Result "1-0"]
[WhiteElo "2166"]
[BlackElo "1992"]
[PlyCount "87"]
[EventDate "2009.03.05"]

1. d4 Nf6 2. Bg5 d5 3. Bxf6 exf6 4. e3 g6 5. g3 Bg7 6. Bg2 c6 7. c3 Qb6 8. Qb3
Qxb3 9. axb3 Be6 10. Nd2 Nd7 11. b4 Nb6 12. Ngf3 a6 13. e4 O-O 14. O-O dxe4 15.
Nxe4 Rad8 16. Nc5 Bc8 17. Nd2 Nd7 18. Nc4 Nxc5 19. bxc5 Be6 20. Na5 Rd7 21. Ra4
Rc7 22. Rb4 Bc8 23. Re1 Rd8 24. Bf1 Bf8 25. Bc4 Rdd7 26. Re8 Re7 27. Rxc8 Rxc8
28. Nxb7 Re1+ 29. Kg2 Ra8 30. Ra4 Rb1 31. b4 Rc1 32. Ra3 Bh6 33. f4 g5 34. Nd6
gxf4 35. Nxf7 f3+ 36. Kxf3 Bd2 37. Nd8+ Kg7 38. Nxc6 Rxc3+ 39. Rxc3 Bxc3 40. d5
a5 41. b5 a4 42. b6 Be5 43. Nxe5 fxe5 44. b7 1-0

[Event "Bad Woerishofen op"]
[Site "?"]
[Date "2009.03.08"]
[Round "4"]
[White "Hornung, Hans"]
[Black "Spanton, Timothy"]
[Result "1-0"]
[WhiteElo "2166"]
[BlackElo "2008"]
[PlyCount "65"]
[EventDate "2009.03.05"]

1. c4 c5 2. g3 Nc6 3. Bg2 g6 4. e3 Bg7 5. Ne2 Nf6 6. Nbc3 O-O 7. O-O d6 8. d4
Bd7 9. b3 Qc8 10. Bb2 Bh3 11. Qd2 Bxg2 12. Kxg2 Qf5 13. Rad1 Rad8 14. d5 Ne5
15. f3 Bh6 16. Nf4 Nh5 17. Nfe2 Nf6 18. h3 Rfe8 19. g4 Qc8 20. g5 Bxg5 21. f4
Bh6 22. fxe5 dxe5 23. Ng3 Qc7 24. Qf2 Bg7 25. Nce4 Nxe4 26. Qxf7+ Kh8 27. Nxe4
Qa5 28. Rd2 Rf8 29. Qxe7 Rxf1 30. Kxf1 Rf8+ 31. Kg2 Rf5 32. d6 Bf6 33. Qf8# 1-0

[Event "Bad Woerishofen op"]
[Site "?"]
[Date "2009.03.08"]
[Round "4"]
[White "Thieme, Wolfgang"]
[Black "Galje, Hans"]
[Result "0-1"]
[WhiteElo "1957"]
[BlackElo "2111"]
[PlyCount "36"]
[EventDate "2009.03.05"]

1. e4 e6 2. d4 d5 3. exd5 exd5 4. Bd3 c5 5. Qe2+ Be7 6. dxc5 Nf6 7. Nf3 O-O 8.
O-O Nc6 9. h3 Bxc5 10. Bg5 Be6 11. Nc3 Re8 12. Qd2 Be7 13. Ne2 Ne4 14. Bxe4
dxe4 15. Bxe7 Rxe7 16. Qxd8+ Rxd8 17. Ng5 Bc4 18. Rfe1 h6 0-1

[Event "Bad Woerishofen op"]
[Site "?"]
[Date "2009.03.08"]
[Round "4"]
[White "Ries, Berthold"]
[Black "Nieland, Klaus"]
[Result "1-0"]
[WhiteElo "2023"]
[BlackElo "1853"]
[PlyCount "31"]
[EventDate "2009.03.05"]

1. e4 b6 2. d4 Bb7 3. Nc3 e6 4. Nf3 Bb4 5. Bd3 d5 6. exd5 Bxc3+ 7. bxc3 exd5 8.
O-O Ne7 9. Ba3 O-O 10. Re1 Re8 11. Ng5 Ng6 12. Qh5 Rxe1+ 13. Rxe1 h6 14. Nxf7
Nf4 15. Qf5 Qd7 16. Nxh6+ 1-0

[Event "Bad Woerishofen op"]
[Site "?"]
[Date "2009.03.08"]
[Round "4"]
[White "Willin, Bernhard"]
[Black "Natterer, Winfried"]
[Result "0-1"]
[WhiteElo "2001"]
[BlackElo "1815"]
[PlyCount "58"]
[EventDate "2009.03.05"]

1. d4 d5 2. c4 e6 3. Nf3 Nf6 4. Bg5 Be7 5. e3 O-O 6. Bd3 Nbd7 7. O-O c6 8. Nc3
dxc4 9. Bxc4 b5 10. Bd3 Bb7 11. Rc1 Rc8 12. e4 a6 13. e5 Nd5 14. Ne4 f6 15.
exf6 N5xf6 16. Qb3 Nd5 17. Bxe7 Qxe7 18. Ne5 Nxe5 19. dxe5 c5 20. Bb1 c4 21.
Qh3 Nf4 22. Qg4 Bxe4 23. Bxe4 h5 24. Qd1 Rcd8 25. Qc2 Qg5 26. Rce1 Nh3+ 27. Kh1
Rd2 28. gxh3 Rxc2 29. Bxc2 Qd2 0-1

[Event "Bad Woerishofen op"]
[Site "?"]
[Date "2009.03.08"]
[Round "4"]
[White "Skembris, Spyridon"]
[Black "Schellmann, Frank"]
[Result "1-0"]
[WhiteElo "2413"]
[BlackElo "2140"]
[PlyCount "57"]
[EventDate "2009.03.05"]

1. d4 Nf6 2. c4 g6 3. Nc3 d5 4. Nf3 Bg7 5. Bg5 Ne4 6. cxd5 Nxg5 7. Nxg5 e6 8.
Qd2 exd5 9. Qe3+ Kf8 10. Qf4 Bf6 11. h4 h6 12. Nxd5 Bxg5 13. Qe5 Rh7 14. hxg5
Nc6 15. Qe4 Bf5 16. Qf3 Nxd4 17. Qa3+ Kg7 18. Ne3 hxg5 19. Rxh7+ Kxh7 20. O-O-O
Qf6 21. Qc3 c5 22. Nxf5 Qxf5 23. e3 Nc6 24. Ba6 f6 25. Bxb7 Nb4 26. Qc4 Rf8 27.
a3 Qxf2 28. axb4 Qxe3+ 29. Kb1 1-0

[Event "Bad Woerishofen op"]
[Site "?"]
[Date "2009.03.08"]
[Round "4"]
[White "Ellinger, Peter"]
[Black "Lindner, Ulrich"]
[Result "0-1"]
[WhiteElo "2048"]
[BlackElo "1943"]
[PlyCount "46"]
[EventDate "2009.03.05"]

1. e4 e6 2. d4 d5 3. Nd2 Nc6 4. c3 e5 5. exd5 Qxd5 6. Ngf3 exd4 7. Bc4 Qf5 8.
cxd4 Be6 9. O-O O-O-O 10. Qa4 Kb8 11. Re1 Nf6 12. Bxe6 fxe6 13. Nf1 Bb4 14. Ng3
Qd5 15. Rd1 Bd6 16. Ne2 Rhf8 17. Be3 Ng4 18. Qb3 Qh5 19. Bg5 Rxf3 20. Qxf3 Rf8
21. Bf4 Bxf4 22. Nxf4 Qxh2+ 23. Kf1 Rxf4 0-1

[Event "Bad Woerishofen sen"]
[Site "?"]
[Date "2009.03.08"]
[Round "4"]
[White "Villing, Dieter"]
[Black "Szenetra, Werner"]
[Result "1/2-1/2"]
[WhiteElo "2220"]
[BlackElo "2246"]
[PlyCount "20"]
[EventDate "2009.03.05"]

1. e4 g6 2. d4 Bg7 3. Nc3 d6 4. f4 e6 5. Nf3 Ne7 6. Bd3 Nd7 7. O-O c5 8. dxc5
Bxc3 9. bxc3 Nxc5 10. Ba3 O-O 1/2-1/2

[Event "Bad Woerishofen sen"]
[Site "?"]
[Date "2009.03.08"]
[Round "4"]
[White "Mittermaier, Walter"]
[Black "Zunker, Reinhard Dr"]
[Result "0-1"]
[WhiteElo "2141"]
[BlackElo "2194"]
[PlyCount "32"]
[EventDate "2009.03.05"]

1. d4 Nf6 2. c4 g6 3. Nc3 Bg7 4. e4 d6 5. Be2 O-O 6. Nf3 e5 7. d5 Nh5 8. O-O
Nf4 9. Ne1 f5 10. exf5 Nxe2+ 11. Qxe2 Bxf5 12. f4 exf4 13. Bxf4 Na6 14. Nd3 Qf6
15. Kh1 Rae8 16. Qd2 Qd4 0-1

[Event "Bad Woerishofen sen"]
[Site "?"]
[Date "2009.03.08"]
[Round "4"]
[White "Budt, Karl-Heinz"]
[Black "Zakharenko, Arnold"]
[Result "1/2-1/2"]
[WhiteElo "2134"]
[BlackElo "2292"]
[PlyCount "61"]
[EventDate "2009.03.05"]

1. c4 Nf6 2. Nc3 e5 3. Nf3 Nc6 4. e4 Bb4 5. d3 O-O 6. g3 d6 7. Bg2 Nd4 8. O-O
Bg4 9. Be3 Bxc3 10. bxc3 Nxf3+ 11. Bxf3 Bh3 12. Bg2 Qd7 13. f3 Bxg2 14. Kxg2 b5
15. cxb5 Qxb5 16. c4 Qa6 17. Qc2 Nd7 18. Rab1 c6 19. Rb3 Nc5 20. Bxc5 dxc5 21.
Rfb1 Qa5 22. Qb2 Qc7 23. Qf2 Qd6 24. Qe3 h6 25. Rb7 Rfe8 26. R1b3 Re7 27. Rxe7
Qxe7 28. Qd2 a5 29. a4 Qc7 30. Qb2 Qd6 31. Qc3 1/2-1/2

[Event "Bad Woerishofen sen"]
[Site "?"]
[Date "2009.03.08"]
[Round "4"]
[White "Schirmer, Werner"]
[Black "Goy, Udo"]
[Result "0-1"]
[WhiteElo "2091"]
[BlackElo "2203"]
[PlyCount "54"]
[EventDate "2009.03.05"]

1. e4 g6 2. d4 c6 3. Nc3 d5 4. Nf3 Bg7 5. exd5 cxd5 6. Bb5+ Nc6 7. Ne5 Bd7 8.
O-O Nxe5 9. dxe5 e6 10. Re1 a6 11. Bxd7+ Qxd7 12. Bf4 Ne7 13. Qd2 Qc7 14. Rad1
Rc8 15. Bg5 O-O 16. Bf6 Rfe8 17. Bxg7 Kxg7 18. Qf4 Ng8 19. Rd3 Qe7 20. Rd4 Rc6
21. Red1 Rec8 22. h4 h5 23. Qg5 Qxg5 24. hxg5 Ne7 25. f3 R6c7 26. Re1 Nc6 27.
Rd3 Na5 0-1

[Event "Bad Woerishofen sen"]
[Site "?"]
[Date "2009.03.08"]
[Round "4"]
[White "Kahler, Kurt"]
[Black "Hoennekes, Klaus"]
[Result "0-1"]
[WhiteElo "1903"]
[BlackElo "2138"]
[PlyCount "61"]
[EventDate "2009.03.05"]

1. d4 f5 2. e4 fxe4 3. Nc3 Nf6 4. f3 d5 5. Bg5 Bf5 6. fxe4 dxe4 7. Bc4 Nc6 8.
Nge2 Na5 9. Bb3 Nxb3 10. axb3 Bg6 11. O-O h6 12. Bh4 Qd7 13. Nf4 Bh7 14. Bf2 c6
15. Qe2 Qg4 16. Qd2 g5 17. Nfe2 Qe6 18. Be3 Bg7 19. Na4 O-O 20. Nc5 Qc8 21. h4
b6 22. hxg5 hxg5 23. Na4 Qe6 24. Nac3 Ng4 25. Ng3 Qh6 26. Rxf8+ Rxf8 27. Nf1
Rxf1+ 28. Kxf1 Qh1+ 29. Ke2 Qxa1 30. Bxg5 Qg1 31. Nxe4 0-1

[Event "Bad Woerishofen sen"]
[Site "?"]
[Date "2009.03.08"]
[Round "4"]
[White "Rahn, Oskar"]
[Black "Reinke, Kurt"]
[Result "1-0"]
[WhiteElo "2118"]
[BlackElo "1956"]
[PlyCount "63"]
[EventDate "2009.03.05"]

1. e4 c5 2. Nf3 d6 3. d4 cxd4 4. Nxd4 Nf6 5. Nc3 a6 6. Be2 e5 7. Nb3 Be6 8. Be3
Nbd7 9. O-O Be7 10. f3 b5 11. a3 Rc8 12. a4 b4 13. Nd5 Nxd5 14. exd5 Bf5 15.
Bd3 Bxd3 16. Qxd3 O-O 17. Qxa6 Rxc2 18. Rf2 Rxf2 19. Bxf2 Nc5 20. Qc4 Qc8 21.
a5 Qa8 22. a6 Rc8 23. Na5 Bf6 24. Nc6 e4 25. a7 Re8 26. fxe4 Bxb2 27. Rb1 Bc3
28. e5 Qc8 29. exd6 Kh8 30. Ne7 Qa6 31. Qxa6 Nxa6 32. d7 1-0

[Event "Bad Woerishofen op"]
[Site "?"]
[Date "2009.03.09"]
[Round "5"]
[White "Gutman, Lev"]
[Black "Teske, Henrik"]
[Result "1/2-1/2"]
[WhiteElo "2493"]
[BlackElo "2515"]
[PlyCount "26"]
[EventDate "2009.03.05"]

1. Nf3 Nf6 2. g3 b5 3. Bg2 Bb7 4. O-O c5 5. d3 Nc6 6. c4 bxc4 7. dxc4 g6 8. Nc3
Bg7 9. Bg5 d6 10. Qc1 h6 11. Be3 Ng4 12. Bd2 Rb8 13. b3 Qd7 1/2-1/2